[Event "DSOL 05 Liga Gr-C 1st"]
[Site "Playchess.com INT"]
[Date "2020.08.07"]
[Round "7.4"]
[White "Rissmann, Klaus"]
[Black "Schoebel, Klaus"]
[Result "1/2-1/2"]
[WhiteElo "1382"]
[BlackElo "1488"]
[PlyCount "42"]
[EventDate "2020.06.22"]
[EventType "team-tourn (rapid)"]
[EventCountry "GER"]
[SourceTitle "EXT 2021"]
[Source "ChessBase"]
[SourceDate "2020.10.23"]
[SourceVersion "1"]
[SourceVersionDate "2020.10.23"]
[SourceQuality "1"]
[WhiteTeam "Koenigsbronn"]
[BlackTeam "Herzogenaurach II"]
[WhiteTeamCountry "GER"]
[BlackTeamCountry "GER"]

1. e4 e5 2. Nf3 d6 3. d4 exd4 4. Nxd4 Nf6 5. Nc3 Be7 6. Be2 0-0 7. 0-0 c6 8. Be3 b5 9. a3 a5 10. f3 Re8 11. Qd2 Ba6 12. Rfd1 b4 13. axb4 axb4 14. Na2 Bxe2 15. Nxe2 c5 16. b3 Nc6 17. c4 Ne5 18. Bf4 Nh5 19. Bxe5 dxe5 20. Qb2 Qc8 21. Nac1 Bg5 1/2-1/2

[Event "DSOL 05 Liga Gr-C 1st"]
[Site "Playchess.com INT"]
[Date "2020.07.28"]
[Round "6.4"]
[White "Otten, Arnold"]
[Black "Rissmann, Klaus"]
[Result "1-0"]
[WhiteElo "1528"]
[BlackElo "1382"]
[PlyCount "109"]
[EventDate "2020.06.22"]
[EventType "team-tourn (rapid)"]
[EventCountry "GER"]
[SourceTitle "EXT 2021"]
[Source "ChessBase"]
[SourceDate "2020.10.23"]
[SourceVersion "1"]
[SourceVersionDate "2020.10.23"]
[SourceQuality "1"]
[WhiteTeam "Gottingen Rot-Weiss II"]
[BlackTeam "Koenigsbronn"]
[WhiteTeamCountry "GER"]
[BlackTeamCountry "GER"]

1. d4 d5 2. Nf3 c6 3. c4 Bg4 4. Ne5 Be6 5. e3 Nd7 6. cxd5 Bxd5 7. Nd3 Ngf6 8. Nc3 e6 9. Nxd5 cxd5 10. Be2 Bd6 11. 0-0 0-0 12. Bd2 a6 13. Rc1 Qb6 14. a3 a5 15. Rc2 Rfc8 16. Rxc8+ Rxc8 17. Qa4 Ra8 18. Rc1 Qd8 19. Nc5 Bxc5 20. dxc5 Ne4 21. c6 Ndc5 22. Rxc5 Nxc5 23. Qb5 b6 24. b4 axb4 25. Bxb4 Na6 26. Bc3 Nc5 27. Qb2 Na4 28. Qc2 Nxc3 29. Qxc3 Qc7 30. Bb5 f6 31. g3 Kf8 32. a4 Ke7 33. Qc2 g6 34. h4 Kf7 35. Kg2 Ra7 36. h5 Qe5 37. hxg6+ hxg6 38. Kg1 Qe4 39. Qd2 f5 40. Qc3 Rc7 41. Qh8 Qe5 42. Qxe5 Rc8 43. Qd6 Kf6 44. Qd7 Rg8 45. c7 Rg7 46. Qc6 Rg8 47. c8Q Rxc8 48. Qxc8 Ke5 49. Qc7+ Kf6 50. Qxb6 g5 51. a5 g4 52. a6 Ke5 53. a7 Ke4 54. Qd4+ Kf3 55. Qf4# 1-0

[Event "DSOL 05 Liga Gr-C 1st"]
[Site "Playchess.com INT"]
[Date "2020.07.14"]
[Round "4.4"]
[White "Mueller, Gottfried"]
[Black "Rissmann, Klaus"]
[Result "1-0"]
[WhiteElo "2029"]
[BlackElo "1382"]
[PlyCount "103"]
[EventDate "2020.06.22"]
[EventType "team-tourn (rapid)"]
[EventCountry "GER"]
[SourceTitle "EXT 2021"]
[Source "ChessBase"]
[SourceDate "2020.10.23"]
[SourceVersion "1"]
[SourceVersionDate "2020.10.23"]
[SourceQuality "1"]
[WhiteTeam "Zwickau"]
[BlackTeam "Koenigsbronn"]
[WhiteTeamCountry "GER"]
[BlackTeamCountry "GER"]

1. d4 g6 2. e4 Bg7 3. f4 d6 4. Be3 f5 5. e5 d5 6. Nf3 h6 7. c4 c6 8. Nc3 e6 9. cxd5 cxd5 10. Nb5 Bf8 11. Rc1 Nc6 12. Bd3 a6 13. Nc3 Bb4 14. 0-0 Nge7 15. a3 Bxc3 16. Rxc3 Bd7 17. b4 b5 18. Qe2 Rb8 19. Nd2 Nc8 20. Nb3 Nb6 21. Nc5 Nc4 22. Bxc4 bxc4 23. Nxa6 Rb6 24. Nc5 Kf7 25. Bf2 h5 26. Qc2 h4 27. Rh3 Ke8 28. Qd2 Qe7 29. Rd1 Rh6 30. Qe1 g5 31. fxg5 Qxg5 32. Be3 f4 33. Bc1 Bc8 34. Qf2 Qg4 35. Qf3 Rg6 36. Bxf4 Ba6 37. Nxa6 Rxa6 38. b5 Rb6 39. bxc6 Rb3 40. Qxg4 Rxg4 41. Rxb3 cxb3 42. g3 Kd8 43. Rb1 Kc7 44. Rxb3 Kxc6 45. a4 h3 46. a5 Rg7 47. Rb6+ Kc7 48. Rxe6 Rh7 49. Rf6 Kb7 50. e6 Kc8 51. Rf8+ Kb7 52. Rf7+ 1-0

[Event "GER Cup Net V3 U1600"]
[Site "Playchess.com INT"]
[Date "2020.05.27"]
[Round "1"]
[White "Rissmann, Klaus"]
[Black "Schneider, Martin3333"]
[Result "1/2-1/2"]
[WhiteElo "1316"]
[BlackElo "1571"]
[PlyCount "64"]
[EventDate "2020.05.27"]
[EventType "swiss (blitz)"]
[EventRounds "9"]
[EventCountry "GER"]
[SourceTitle "EXT 2021"]
[Source "ChessBase"]
[SourceDate "2020.10.23"]
[SourceVersion "1"]
[SourceVersionDate "2020.10.23"]
[SourceQuality "1"]

1. e4 c5 2. Nf3 Nc6 3. d4 cxd4 4. Nxd4 g6 5. c3 Nf6 6. Bd3 Bg7 7. 0-0 0-0 8. Re1 d5 9. e5 Nd7 10. f4 e6 11. Be3 a6 12. a3 Nc5 13. Bc2 Bd7 14. Nxc6 Bxc6 15. Bxc5 Qc7 16. Bxf8 Bxf8 17. Nd2 b5 18. a4 bxa4 19. Bxa4 Bxa4 20. Rxa4 Qb6+ 21. Kh1 Qxb2 22. Ra5 Qxc3 23. Ra2 Bb4 24. Rc2 Qd3 25. Qc1 a5 26. Rc8+ Rxc8 27. Qxc8+ Kg7 28. Qd8 Qxd2 29. Qf6+ Kg8 30. Qd8+ Kg7 31. Qf6+ Kg8 32. Qd8+ Kg7 1/2-1/2

[Event "GER Cup Net V3 U1600"]
[Site "Playchess.com INT"]
[Date "2020.05.27"]
[Round "9"]
[White "Schulze, Tim"]
[Black "Rissmann, Klaus"]
[Result "1-0"]
[WhiteElo "1595"]
[BlackElo "1316"]
[PlyCount "141"]
[EventDate "2020.05.27"]
[EventType "swiss (blitz)"]
[EventRounds "9"]
[EventCountry "GER"]
[SourceTitle "EXT 2021"]
[Source "ChessBase"]
[SourceDate "2020.10.23"]
[SourceVersion "1"]
[SourceVersionDate "2020.10.23"]
[SourceQuality "1"]

1. c4 g6 2. g3 Bg7 3. Bg2 Nf6 4. Nc3 c6 5. Nf3 0-0 6. 0-0 e6 7. b3 d5 8. Bb2 Nbd7 9. cxd5 cxd5 10. d3 a6 11. e4 Nb6 12. e5 Nfd7 13. d4 f6 14. Rc1 f5 15. Na4 Nxa4 16. bxa4 Nb6 17. Ba3 Re8 18. Bd6 Nc4 19. Rxc4 dxc4 20. Qc2 b5 21. axb5 axb5 22. Rb1 Qa5 23. a3 Bb7 24. h4 Bf8 25. Bxf8 Kxf8 26. Kh2 Bc6 27. Ng5 Kg7 28. Bxc6 Rec8 29. Bxa8 Rxa8 30. Nxe6+ Kf7 31. Nc5 h5 32. Nb7 Qxa3 33. Rxb5 c3 34. Nd6+ Ke6 35. Rb3 Qa2 36. Rxc3 Qxc2 37. Rxc2 Ra4 38. Rc4 Ra2 39. Kg2 Kd5 40. Rb4 Rd2 41. Nf7 Rd3 42. Nh8 Ke4 43. Nxg6 Rd2 44. e6 Re2 45. e7 Kd5 46. Rb3 Kd6 47. Re3 Rxe3 48. fxe3 Kd7 49. Kf3 Ke8 50. Kf4 Kf7 51. Kxf5 Ke8 52. g4 hxg4 53. Nf4 Kf7 54. h5 Kxe7 55. h6 Kf7 56. d5 Kg8 57. d6 Kf7 58. d7 Ke7 59. h7 Kxd7 60. h8Q Kc6 61. Qd8 Kb5 62. Qc7 g3 63. Ke5 Kb4 64. Ng2 Kb5 65. Kd5 Kb4 66. Qc5+ Kb3 67. Qc4+ Kb2 68. Kd4 Ka3 69. Qb5 Ka2 70. Kc3 Ka1 71. Qb2# 1-0

[Event "GER-ch Net Amateur Gr-C Vor2"]
[Site "Playchess.com INT"]
[Date "2020.04.15"]
[Round "2"]
[White "Rissmann, Klaus"]
[Black "Rodriguez Klasen, Ennio"]
[Result "1/2-1/2"]
[WhiteElo "1620"]
[BlackElo "1406"]
[PlyCount "134"]
[EventDate "2020.04.15"]
[EventType "swiss (blitz)"]
[EventRounds "9"]
[EventCountry "GER"]
[SourceTitle "CBM 196 Extra"]
[Source "ChessBase"]
[SourceDate "2020.07.31"]
[SourceVersion "1"]
[SourceVersionDate "2020.07.31"]
[SourceQuality "1"]

1. e4 c5 2. Nf3 Nc6 3. c3 d6 4. Bd3 e5 5. 0-0 Nf6 6. Bc2 Bg4 7. h3 Bh5 8. d3 g6 9. Bg5 Bg7 10. Nbd2 Bxf3 11. Qxf3 0-0 12. Rae1 Qe7 13. a4 h6 14. Bh4 g5 15. Bg3 Rad8 16. Qf5 Qd7 17. Qxd7 Rxd7 18. Re2 Nh5 19. Bh2 f5 20. g4 Nf4 21. Bxf4 gxf4 22. gxf5 Kh8 23. Kh1 Rg8 24. Rg1 Bf6 25. f3 Rxg1+ 26. Kxg1 Rg7+ 27. Kh1 Bh4 28. Rg2 Rxg2 29. Kxg2 Kg7 30. Nc4 Be7 31. b3 a6 32. Nd2 b6 33. Nb1 Bh4 34. Na3 Bd8 35. Nc4 Bc7 36. h4 b5 37. axb5 axb5 38. Nd2 Ba5 39. Nb1 b4 40. c4 Nd4 41. Bd1 Bd8 42. Kh3 h5 43. Nd2 Bf6 44. Nf1 Be7 45. Nd2 Kh6 46. Nf1 Kh7 47. Nd2 Kg8 48. Nf1 Kf8 49. Nd2 Ke8 50. Nf1 Kd8 51. Nd2 Kc7 52. Nf1 Kb6 53. Nd2 Ka5 54. Nb1 Kb6 55. Nd2 Ka5 56. Nf1 Ka6 57. Nd2 Ka7 58. Nf1 Kb8 59. Nd2 Kc8 60. Nf1 Kd8 61. Nd2 Ke8 62. Nf1 Kf7 63. Nd2 Kg7 64. Nf1 Kh6 65. Nd2 Kg7 66. Nf1 Kf8 67. Nd2 Ke8 1/2-1/2

[Event "Ulm/Neu Ulm-ch"]
[Site "Ulm/Neu Ulm"]
[Date "2007.12.30"]
[Round "6"]
[White "Rissmann, Klaus"]
[Black "Stiller, Norbert"]
[Result "1-0"]
[WhiteElo "1494"]
[BlackElo "1332"]
[PlyCount "64"]
[EventDate "2007.09.21"]
[EventType "swiss"]
[EventRounds "7"]
[EventCountry "GER"]
[SourceTitle "EXT 2011"]
[Source "ChessBase"]
[SourceDate "2010.11.26"]
[SourceVersion "1"]
[SourceVersionDate "2010.11.26"]
[SourceQuality "1"]

1. b4 d6 2. Bb2 e5 3. e3 g6 4. h4 Nc6 5. b5 Nce7 6. f4 Bg7 7. g4 b6 8. Bg2 Rb8 9. c4 Nh6 10. Bf3 Be6 11. d3 0-0 12. Nh3 c6 13. a4 Qc8 14. Nf2 f6 15. Nd2 d5 16. Rc1 exf4 17. exf4 Re8 18. 0-0 f5 19. Bxg7 Kxg7 20. g5 Ng4 21. Bxg4 fxg4 22. cxd5 Nxd5 23. Rxc6 Qb7 24. Nc4 Nb4 25. Qa1+ Kf8 26. Rc1 Nd5 27. Nd6 Qg7 28. Qxg7+ Kxg7 29. Nxe8+ Rxe8 30. Ne4 Nxf4 31. Rc7+ Kf8 32. Rf1 Kg8 1-0